000 00948nam a22002897a 4500
003 0
005 20160609170525.0
008 110221t xxu||||| |||| 00| 0 eng d
037 _aM16725
_bBIBLIO
040 _aBUAC
_bFr.
_cEPAC
082 _a26.APE/AHO
100 _aRonaldine, Arlienne, AHOUANMAGNAGAHOU
_914867
245 _aContribution à la détermination des conditions optimales pour la conservation de trois espèces de egusi (CUCURBITACEAE) cultivées au Bénin
250 _aEPAC
260 _aBUAC
_bEPAC
_c2007
300 _a41 p
_bCouv. et ill. en coul.
_c30cm
500 _aMém ( M ) ; Physiol. ; EPAC /UAC / 2007
504 _aBibliogr. p 36 - p 41; annexes
630 _aPHYSIOLOGIE VEGETALE
_914868
650 _aCONSERVATION
_914869
650 _a:EGUSI
_914870
650 _a:CONDITION
_914871
653 _atechniques
700 _aAHANCHEDE, Adam
_914872
710 _aACHIGAN DAKO, Enoch
_914873
942 _cTHE
999 _c49113
_d49113